书目信息 |
| 题名: |
如何应对全球变暖危机
|
|
| 作者: | 张军强 主编 | |
| 分册: | ||
| 出版信息: | 北京 中国民主法制出版社 2020.6 |
|
| 页数: | 183页 | |
| 开本: | 24cm | |
| 丛书名: | 低碳环保书系 | |
| 单 册: | ||
| 中图分类: | X16 | |
| 科图分类: | ||
| 主题词: | 全球变暖--普及读物 , 全球变暖 | |
| 电子资源: | ||
| ISBN: | 978-7-5162-0320-0 | |
| 000 | 00897nam0 2200265 45 | |
| 001 | 012001000897 | |
| 005 | 20130912093401.0 | |
| 010 | @a978-7-5162-0320-0@dCNY23.80 | |
| 100 | @a20131216d2013 em y0chiy50 ea | |
| 101 | 0 | @achi |
| 102 | @aCN@b110000 | |
| 105 | @aa z 000yy | |
| 106 | @ar | |
| 200 | 1 | @a如何应对全球变暖危机@Aru he ying dui quan qiu bian nuan wei ji@b专著@f张军强主编 |
| 210 | @a北京@c中国民主法制出版社@d2020.6 | |
| 215 | @a183页@c图@d24cm | |
| 225 | 1 | @a低碳环保书系 |
| 330 | @a本书首先讲述了节能减排的工作任重而道远;再次介绍了低碳环保,我们人人有责;最后讲述了只有大力开发绿色资源,才能从根本上消除因二氧化碳大量排放导致的地球变暖问题。 | |
| 461 | 0 | @12001 @a低碳环保书系 |
| 606 | 0 | @a全球变暖@j普及读物 |
| 606 | 0 | @a全球变暖 |
| 690 | @aX16@v5 | |
| 701 | 0 | @a张军强@Azhang jun qiang@4主编 |
| 801 | 0 | @aCN@bBJSDL@c20211011 |
| 905 | @b1336128-31@dX16@e269@f4 | |
| 如何应对全球变暖危机/张军强主编.-北京:中国民主法制出版社,2020.6 |
| 183页:图;24cm.-(低碳环保书系) |
| ISBN 978-7-5162-0320-0:CNY23.80 |
| 本书首先讲述了节能减排的工作任重而道远;再次介绍了低碳环保,我们人人有责;最后讲述了只有大力开发绿色资源,才能从根本上消除因二氧化碳大量排放导致的地球变暖问题。 |
| ● |
| 相关链接 |
|
|
|
|
正题名:如何应对全球变暖危机
索取号:X16/269
 
预约/预借
| 序号 | 登录号 | 条形码 | 馆藏地/架位号 | 状态 | 备注 |
| 1 | 1336128 | 213361280 | 第二样本阅览室/ [索取号:X16/269] | 在馆 | |
| 2 | 1336129 | 213361299 | 第三借阅区/ [索取号:X16/269] | 在馆 | |
| 3 | 1336130 | 213361306 | 第三借阅区/ [索取号:X16/269] | 在馆 | |
| 4 | 1336131 | 213361315 | 第三借阅区/ [索取号:X16/269] | 在馆 |